Phare d'Alexandrie - Statistiques

Statistiques générales
  • Ce quiz a été pris 9 fois
  • Le résultat moyen est 13 sur 15
Statistiques - réponses
Question Réponse % Correct
Parmi ces images, laquelle se trouvait à Alexandrie ?
100%
Quel célèbre conquérant est à l’origine de la fondation de la ville d’Alexandrie ? Alexandre le Grand
100%
Qui chante le tube "Alexandrie Alexandra" ? Claude François
100%
À quoi servait principalement le phare ? Guider les navires
100%
Le phare d’Alexandrie faisait partie de quelle liste célèbre ? Les 7 merveilles du monde antique
100%
Quel était son système pour émettre de la lumière ? Miroirs + feu
100%
Le phare d’Alexandrie était-il visible à plus de 50 km en mer ? Oui
100%
Quelle forme avait globalement le phare ? Une tour à plusieurs étages
100%
Complète ces paroles : " Les sirènes du port d'Alexandrie, -- (1) -- ,Ho Ho, La lumière du phare d'Alexandrie, -- (2) -- , Ha ! Ah! (1) "Chantent encore la même mélodie" / (2) "Fait naufrager les papillons de ma jeunesse"
88%
Dans quel pays actuel se situent les ruines du phare ? Egypte
88%
Le phare était construit principalement en : Marbre et pierre
88%
Le mot “phare” vient directement du nom de l’île où il était construit. Laquelle ? Pharos
88%
Environ quelle hauteur faisait-il ? 100 à 130 m
75%
Pourquoi le phare a-t-il disparu ? Séismes
50%
Qui a ordonné la construction du phare ? Ptolémée Ier
25%
Aucun quiz correspondant
Distribution des résultats
% des personnes avec chaque résultat
Percentile par nombre de réponses
Votre historique - résultats
Vous n’avez pas pris ce quiz